• 首页
  • 本馆介绍
  • 公告通知
  • 最新文献
  • 馆藏检索
  • 电子资源
  • 读者导购
  • 参考咨询
  • 我的图书馆
  • 登录
  • 详细信息显示
  • 放入我的书架
  • 预约/预借图书
  • 作者相关作品
  • 分类相关作品
  • 丛书相关作品
  • 出版社相关作品

书目信息

  • 表格格式
  • 工作单格式
  • 卡片格式
题名:
藏在门廊上的语言艺术
    
 
作者: 周云容 , 金欢 , 杨鑫 , 袁志敏 编著
分册:  
出版信息: 成都   四川大学出版社  2021.01
页数: 233页
开本: 24cm
丛书名: 三苏祠丛书
单 册:
中图分类: I207.6
科图分类:
主题词: 对联--dui lian--鉴赏--中国 , 牌匾--pai bian--鉴赏--中国
电子资源:
ISBN: 978-7-5690-3798-2
000 01339nam 2200337 450
001 CAL 0120213150421
005 20230217093112.0
010    @a978-7-5690-3798-2@dCNY99.00
100    @a20210311d2021 em y0chiy0120 ea
101 0  @achi
102    @aCN@b510000
105    @aa z 000yy
106    @ar
200 1  @a藏在门廊上的语言艺术@Acang zai men lang shang de yu yan yi shu@e三苏祠匾额楹联赏析@f周云容 ... [等] 编著
210    @a成都@c四川大学出版社@d2021.01
215    @a233页@c彩图@d24cm
225 2  @a三苏祠丛书@Asan su ci cong shu
304    @a题名页题其余责任者: 金欢, 杨鑫, 袁志敏
314    @a周云容, 历史学硕士, 眉山三苏祠博物馆副馆长, 文博馆员, 中国苏轼研究学会理事。
330    @a本书拟对内现有方匾、幅联进行重新梳理解读, 每条分注释、赏析、背景和延伸阅读四个部分, 充分捕捉匾额联中的所深藏的文、信息, 语言上力求明白晓畅, 言简意赅本书图文并茂, 力求集知识性、趣味性于一体。
410  0 @12001 @a三苏祠丛书
517 1  @a三苏祠匾额楹联赏析@Asan su ci bian e ying lian shang xi
606 0  @a对联@Adui lian@x鉴赏@y中国
606 0  @a牌匾@Apai bian@x鉴赏@y中国
690    @aI207.6@v5
701  0 @a周云容@Azhou yun rong@4编著
701  0 @a金欢@Ajin huan@4编著
701  0 @a杨鑫@Ayang xin@4编著
701  0 @a袁志敏@Ayuan zhi min@4编著
801  0 @aCN@bBJXHZP@c20230228
905    @b1386665-8@dI207.6@e1064@f4
    
    藏在门廊上的语言艺术:三苏祠匾额楹联赏析/周云容 ... [等] 编著.-成都:四川大学出版社,2021.01
    233页:彩图;24cm.-(三苏祠丛书)
    
    
    ISBN 978-7-5690-3798-2:CNY99.00
    本书拟对内现有方匾、幅联进行重新梳理解读, 每条分注释、赏析、背景和延伸阅读四个部分, 充分捕捉匾额联中的所深藏的文、信息, 语言上力求明白晓畅, 言简意赅本书图文并茂, 力求集知识性、趣味性于一体。
●
相关链接 在E读中查询图书 在五车中查询图书 在当当中查询图书 在豆瓣中查询图书


正题名:藏在门廊上的语言艺术     索取号:I207.6/1064         预约/预借

序号 登录号 条形码 馆藏地/架位号 状态 备注
1 1386665   213866654   第一样本阅览室/ [索取号:I207.6/1064] 在馆    
2 1386666   213866663   第二借阅区/ [索取号:I207.6/1064] 在馆    
3 1386667   213866672   第二借阅区/ [索取号:I207.6/1064] 在馆    
4 1386668   213866681   第二借阅区/ [索取号:I207.6/1064] 在馆    
唐山师范学院图书馆 欢迎您!
大连网信软件有限公司© 版权所有